[Event "2024 New Year TNM: 2000+"]
[Site "San Francisco"]
[Date "2024.01.16"]
[Round "2.1"]
[White "Diller, Bradley R"]
[Black "Yan, Ruiyang"]
[Result "0-1"]
[WhiteElo "2145"]
[BlackElo "2357"]
[Annotator "Tactical Analysis 6.4"]
[PlyCount "72"]

1. c4 Nf6 2. g3 e6 3. Bg2 d5 4. d4 Be7 5. Nf3 O-O 6. O-O c6 7. b3 a5 8. a3 b6 9. Bb2 Ba6 10. Nbd2 $146 ({Predecessor:} 10. Ne5 Nfd7 11. Nxd7 Nxd7 12. Nd2 Nf6 13. e4 Rc8 14. Re1 Bb7 15. Qe2 Rc7 16. Rac1 c5 17. cxd5 exd5 18. dxc5 Nxe4 19. Nxe4 dxe4 20. Red1 Rd7 21. Qg4 {1-0 Bilobrk,F (2365)-Petrovic,S (2175) Zadar op 1998 (7)}) 10... Nbd7 11. Re1 Rc8 12. Rc1 c5 13. e4 dxc4 14. Nxc4 {Black must now prevent d5.} cxd4 (14... b5 $14 {is superior.} 15. Nce5 Bb7) 15. Nxd4 (15. Qxd4 Bc5 16. Qd1 Ng4 $11) (15. e5 $1 $16 {[%cal Re5f6]} Nd5 16. Nxd4) 15... a4 $2 16. e5 $18 Nd5 {[#]} 17. Ne3 $2 ({White should try} 17. Qg4 $1 $18) 17... Nc5 $2 {[%mdl 8192]} (17... Nxe3 $11 18. Rxe3 axb3) 18. Nxd5 (18. bxa4 Nd3 19. Rxc8 Qxc8 20. Nxd5 exd5 $11) 18... exd5 19. Re3 {Against Nd3} (19. bxa4 $6 Nd3 20. Rxc8 Qxc8 $11) ({White should play} 19. Nf5 $18) 19... axb3 $11 20. Nxb3 Nxb3 21. Rxc8 Qxc8 22. Qxb3 Bc4 23. Qd1 Bc5 24. Bd4 {[#]} Bxd4 $1 25. Qxd4 Qc5 26. Qb2 (26. Qf4 $17) 26... d4 $19 27. Re1 Rd8 28. a4 d3 29. Rd1 Rd4 $2 (29... g6 $19 {And now ...Be6 would win.} 30. Bf3 Rd4) 30. Bf1 $2 (30. a5 $1 $11 {and White stays safe.} b5 (30... bxa5 31. Qb8+ Qf8 32. Qa7 $11) 31. a6) 30... g6 {[%cal Oh7h5] White is weak on the light squares} (30... Qxe5 31. a5 f6 (31... bxa5 $2 32. Re1 $18) 32. axb6 $14) 31. Rd2 (31. Qc3 $142) 31... Ba6 ({Much less strong is} 31... Qxe5 32. h4 $19) 32. Qb3 Rb4 (32... Qc6 $1 33. e6 Qxe6 34. Qxe6 fxe6) 33. Qd1 Qd5 34. e6 $5 fxe6 $19 (34... Qxe6 $4 35. Bxd3 $11) 35. Qe1 Qe4 (35... Rxa4 $1) 36. Qxe4 Rxe4 {White's Flag} 0-1

[Event "2024 New Year TNM: 2000+"]
[Site "San Francisco"]
[Date "2024.01.16"]
[Round "2.2"]
[White "Shrauger, Alex Hayden"]
[Black "Winslow, Elliott"]
[Result "0-1"]
[WhiteElo "2087"]
[BlackElo "2182"]
[Annotator "Winslow,Elliott"]
[PlyCount "158"]

1. e4 {What happened to 1.d4, which he's been playing lately? (Mostly with fianchettos, Catalans and g3 KIDs...) It turns out my memory was all wrong. I thought he'd played the Alapin (1.e4 c5 2.c3) against me before -- but now I look and the only time I've had Black against him it was in Berkeley in September 2021, and I mangled my response to a Grand Prix. But won anyway! I don't blame him for wanting to repeat that and fix the record!} d6 {Oh why not. As it turns out, he was kind of on top of this, to a point.} 2. d4 Nf6 3. Nc3 g6 4. Be3 {[#] What Pirc players can expect to see for quite a while now. The main impetus is Kasparov-Topalov, Wijk aan Zee 1999. Many think this is Kasparov's greatest game, or rather as Gary himself put it, "my favorite combination.". In any case, it *is* a game worth seeing!} c6 ({Topalov went} 4... Bg7 5. Qd2 c6 ({Some sources wonder how bad} 5... O-O {really is. Stockfish 16 makes it pretty bad after} 6. O-O-O {Black's attack is that much slower and White's that much quicker now that Black has "wasted moves" on the kingside.}) 6. f3 {Thought to be a bit stodgy these days as well...} b5 7. Nge2 Nbd7 8. Bh6 Bxh6 9. Qxh6 Bb7 10. a3 e5 11. O-O-O Qe7 12. Kb1 a6 13. Nc1 O-O-O 14. Nb3 exd4 15. Rxd4 c5 16. Rd1 Nb6 17. g3 Kb8 18. Na5 Ba8 19. Bh3 d5 20. Qf4+ Ka7 21. Rhe1 d4 22. Nd5 Nbxd5 23. exd5 Qd6 {[#]} 24. Rxd4 $1 cxd4 $2 {[#]} (24... Kb6 $1 $15 {just ruins all the fun.}) 25. Re7+ $3 {Maybe *that*'s what Topalov missed. Find the game in myriad places to see the flash finish!}) 5. Qd2 Nbd7 6. O-O-O (6. Nf3 $1 {is the modern, hybrid move -- White can also play "Where's my king?" and keep the castling options open.}) ({And then there's:} 6. h4 b5 7. f3 Nb6 8. Bd3 a5 9. Nh3 Bxh3 10. Rxh3 h5 11. O-O-O Bg7 12. Kb1 Nfd7 13. f4 Nf6 14. f5 gxf5 15. e5 dxe5 16. dxe5 Ng4 17. Bxb6 Qxb6 18. Bxf5 Nxe5 19. Rg3 Bh6 20. Qxh6 Rf8 21. Ne4 Rd8 22. Rxd8+ Qxd8 23. a3 Qd1+ 24. Qc1 Qd5 25. Qd2 Nc4 26. Qxd5 cxd5 27. Nc3 e6 28. Bd3 Ne5 29. Bxb5+ Ke7 30. Rg5 f6 31. Rxh5 Rg8 32. Rh7+ Kd6 33. Ra7 Rxg2 34. Ra6+ Ke7 35. Rxa5 f5 {1-0 Gukesh,D (2725)-Carlsen,M (2859) Speed Chess Chess.com INT blitz 2022 (1.31)}) 6... b5 {[#]} 7. e5 {Alex pulls this trigger perhaps a bit early.} b4 $8 8. Nb1 {Truth be told I didn't really take this move seriously! But Stockfish makes it the best knight move --} ({-- if White moves the knight at all!} 8. exf6 $1 bxc3 9. Qxc3 Nxf6 10. Qxc6+ Bd7 11. Qa6 $1 Bg7 12. Rd3 $1 {seems like it might be the best way to turn the pawn grab into something good -- except that now Black can offer a repetition:} Bc8 13. Qc6+ (13. Qb5+) (13. Qa4+) 13... Bd7 {which White would be well advised (per SF16) to accept.}) 8... Nd5 $15 {Black has momentum on the queenside, is there anything happening in the center?} 9. exd6 {[#]} e6 $6 {[#]} (9... exd6 10. Re1 N7f6) (9... exd6 $5 10. Re1 N7f6 $15 {There is no discovered check worth anything.} (10... Nxe3 11. Rxe3+ (11. Qxe3+ Be7 12. Qh6 Nb6 13. Qg7 Rf8 14. Qxh7 Be6 $15) 11... Be7)) 10. Bh6 $146 (10. h4 h5 11. c4 bxc3 12. Nxc3 Nxe3 13. fxe3 Bxd6 $11) (10. c4 bxc3 11. Nxc3 Bxd6 12. Ne4 $11) ({Predecessor:} 10. Nf3 Bxd6 11. h4 Qa5 12. Bc4 Ba6 13. Bb3 Nxe3 14. Qxe3 Qf5 15. Nbd2 Bf4 16. Qe1 Nf6 17. g3 Bh6 18. Kb1 O-O 19. Ne5 Bxd2 20. Qxd2 Ne4 21. Qe3 Nxf2 22. Rdf1 Ng4 23. Rxf5 Nxe3 24. Rxf7 Rxf7 25. Bxe6 Raf8 26. Re1 Nf5 27. Nxf7 Rxf7 28. Re5 Nxd4 29. Bxf7+ Kxf7 30. Ra5 Be2 31. Rxa7+ Ke6 32. Rxh7 Bd1 33. c3 bxc3 34. bxc3 Ne2 35. Rc7 Nxc3+ 36. Kb2 Ne4 37. Rxc6+ Kf5 38. Rc1 Be2 39. a4 Nxg3 {½-½ Le Roux,J (2345)-Chabanon,J (2483) FRA-ch Accession Val d'Isere 2002 (5)}) 10... Bxd6 11. h4 a5 $6 {This has less bite (there's a way to go still).} (11... Qa5 $5 12. Bc4 Ba6 (12... N7b6 13. Bb3 Qb5 $15 {Now a5-a4 clomps down on something.}) 13. Bb3 O-O-O $15) 12. h5 {[#]} Rg8 $5 (12... a4) 13. hxg6 hxg6 14. Nh3 $6 ({White has to get around to} 14. c4 {or the knight will rot on b1.}) 14... a4 $17 15. Nf4 N7b6 $6 ({It appears now that} 15... g5 {works, here}) ({or preceded by} 15... a3 16. b3 g5) 16. Nxd5 Nxd5 17. Bg5 Qb6 18. Bc4 Ba6 19. Bxa6 (19. Bxd5 $5 cxd5 {when maybe Black can't make much use of the c-file.}) 19... Qxa6 20. Qd3 {[#] I had seen that the ending was interesting for me, and was drawn down the rabbit-hole. Fortunately for me Rabbitfish concurs.} (20. a3 $5) 20... Qxd3 $5 21. Rxd3 Bf4+ 22. Bxf4 Nxf4 {[#]} 23. Re3 ({I was caught up in} 23. Rf3 Ne2+ 24. Kd2 Nxd4 25. Rd3 c5 26. c3 {wondering just how good this was for me if at all (Stockfish 16: <nod>), when he played this other move.}) ({I never even dreamed of} 23. Rd2 $5 Nxg2 24. a3 bxa3 25. Nxa3 {and I'm certain I wouldn't have come up with the computer's #1 move here:} Kf8 $3 (25... Ke7 {was more likely, and it's really not that much worse)}) {and if} 26. Rh7 Ra5 $1 $17 {and ...Rh5.}) 23... Ke7 $6 ({I could indeed have taken the pawn!} 23... Nxg2 $1 24. Re4 (24. Rf3 g5 25. Rh7 $1 (25. Rg1 Nh4 26. Rfg3 f6 27. f4 Nf5 28. R3g2 Nxd4 29. fxg5 Kf7) 25... f5 26. Rfh3 Nf4 $17) 24... Ke7 $1 25. d5 $1 Rh8 $1 (25... cxd5 26. Rxb4 g5 $17) 26. d6+ $1 Kxd6 27. Rd1+ Ke7 28. Rxb4 Rh4 $1 $17 {Black is still on top in this complicated not-quite-an-ending.}) 24. g3 $1 {Best (although I didn't think so at the time)} Rh8 $5 25. Rd1 Nd5 26. Re2 $6 (26. Rf3 $1 {keeps vital control of the third rank}) 26... a3 $1 {[#]} 27. bxa3 $2 (27. c4 $1 {is White's only move, and Black's plus is slight.} bxc3 28. bxc3 Ra4 $15) 27... Nc3 $1 $19 {This catches White in a nasty bind.} 28. Nxc3 bxc3 29. Re3 Rxa3 30. Rde1 Rd8 (30... Rh2 $1) 31. Rd3 Rxa2 {A bit better} ({than} 31... c5) 32. Kd1 c5 (32... Ra4 $1) 33. Rxc3 {[#]} (33. Re4 $5) 33... Ra1+ $2 (33... cxd4 $19 34. Rc7+ Rd7 35. Rxd7+ Kxd7 36. Re4 Ra4) 34. Ke2 Rxe1+ 35. Kxe1 cxd4 {[#] Alex and I now have an opportunity to demonstrate just how bad we are at rook endings. The computer says: I've blown my won game, for that matter all my advantage.} 36. Rc5 $2 {Now I have a big, maybe winning advantage..} (36. Rc7+ $1 Rd7 37. Rc4 $1 e5 38. c3 {is apparently just a draw.}) 36... Kd6 $5 (36... Ra8 $1 $19) 37. Ra5 $2 $19 (37. Rc4 {is still the right try. White can just wend a path to a draw:} e5 38. c3 Kd5 $1 39. Rc7 d3 40. Kd2 e4 41. Rxf7 Ra8 42. Rd7+ Ke5 $1 43. Re7+ Kf5 44. Ke3 $1 (44. Rf7+ Ke6) 44... Rd8 45. Kd2 $1) 37... e5 (37... f6 $1 {is most accurate.}) 38. Kd2 Rc8 39. Ra7 Rc7 (39... f6 $1) 40. Ra6+ Rc6 41. Ra7 f5 $6 (41... f6 $1) 42. Rg7 Kd5 43. Re7 {[#]} e4 $6 (43... g5) 44. Rd7+ $6 (44. Re8 {Black is still winning but more difficulty.}) 44... Ke5 45. Re7+ $6 Re6 (45... Kf6 $1 46. Rd7 Rc4 {and ..Kg5 sets White too many problems.}) 46. Rd7 Rd6 47. Rc7 Kf6 48. Ke2 Kg5 49. f3 $5 {[#]} Kf6 $2 (49... d3+ $1 {is a big -+ and the only move:} 50. cxd3 Rxd3 $1 {forcing the clearing of g4 for king entry} 51. fxe4 fxe4 {steps into TablebaseWorld: Black is winning.} 52. Rc4 Kf5) 50. Rc5 $2 (50. fxe4 fxe4 51. Rc5 $17) 50... Ra6 $2 (50... exf3+ 51. Kxf3 Ra6 $1 $19 {(only move)}) 51. Rd5 $2 (51. fxe4 fxe4 52. Rd5 $15) 51... Ra4 $2 (51... exf3+ 52. Kxf3 (52. Kd3 Ra1) 52... Ra4 53. Ke2 Kg5 $1 54. Rd6 Kh5 55. Kd3 Ra3+ 56. Kxd4 Rxg3 $19) 52. Rd6+ $2 (52. fxe4 fxe4 53. Kd2 $15 {(only move)}) 52... Kg5 $1 $19 53. Rd5 $6 (53. fxe4 fxe4 54. Kd2 Rc4 55. g4 {[#]} Rc5 $3 56. Rxd4 Kf4 57. c4 g5 $1 $19) 53... exf3+ $1 {FINALLY! (and here the only move)} 54. Kxf3 Rc4 {Black is winning a 2nd pawn} 55. g4 Rc3+ 56. Ke2 Rxc2+ (56... Kxg4 $1 57. Rxd4+ f4 {is easiest. two connected passed pawns vs. one. Another basic rook ending I don't know.}) 57. Kd3 Rc1 58. Kd2 Rc4 59. gxf5 gxf5 {[#] I *do* know that rook and two is a win except for things like f and h. Which doesn't mean it's easy.} 60. Kd3 Ra4 61. Rd8 Kf4 62. Rf8 Kg4 63. Rf7 f4 {heading for a Lucena Position.} 64. Ke4 d3+ $1 (64... Kg3 {works too}) 65. Kxd3 Kf3 $1 66. Rh7 Ra8 67. Kd2 Re8 68. Rf7 Kg3 69. Rg7+ Kf2 70. Rf7 f3 (70... Rd8+) 71. Rd7 Kf1 72. Rf7 f2 73. Kd1 Rd8+ 74. Kc2 Rd5 {Actually the fastest (at this point Stockfish will take a while to see the fastest mates).} 75. Kc3 Ke2 76. Re7+ Kf3 77. Rf7+ Ke3 78. Kc4 Rd1 (78... Rd4+ $1 {and 79...Rf4!}) 79. Re7+ Kd2 {Another instructive game to remind me (us) how much there is to learn.} 0-1

[Event "2024 New Year TNM: 2000+"]
[Site "San Francisco"]
[Date "2024.01.16"]
[Round "2.3"]
[White "Hao, Max"]
[Black "Bambou, Christophe"]
[Result "1-0"]
[WhiteElo "2068"]
[BlackElo "2129"]
[PlyCount "85"]

1. d4 d5 2. Nf3 Nf6 3. g3 Bf5 4. Bg2 h6 5. O-O e6 6. c4 c6 7. Nc3 Be7 8. Qb3 Qb6 9. c5 Qxb3 10. axb3 O-O 11. b4 a6 12. b5 ({Relevant:} 12. Ne5 Nbd7 13. f4 Rad8 14. h3 Nxe5 15. fxe5 Ne4 16. g4 Bg6 17. Bf4 f5 18. Nxe4 fxe4 19. Bd2 Bh4 20. Rxf8+ Rxf8 21. Rf1 Rf7 22. Rxf7 Kxf7 23. Kf1 h5 24. e3 Bh7 25. gxh5 Bf5 26. Kg1 Kg8 27. Bf1 Kh7 28. Kg2 Kh6 29. Be2 Kg5 30. Bc3 Kh6 31. Bd2 {½-½ Rakhmanov,A (2621)-Sjugirov,S (2662) FIDE Chess.com Grand Swiss Douglas 2019 (7)}) 12... cxb5 13. Nxb5 Nc6 14. Nc3 g5 15. h3 Nd7 {[#]} 16. g4 $146 ({Predecessor:} 16. Be3 b6 17. cxb6 Nxb6 18. Rfc1 Nc4 19. b3 Nxe3 20. fxe3 Rfc8 21. Na4 Nb4 22. Nb6 Rxc1+ 23. Rxc1 Rb8 24. Nd7 Rd8 25. Nde5 f6 26. Nc6 Nxc6 27. Rxc6 a5 28. g4 Bg6 29. Nd2 Rd6 30. Rc8+ Kf7 31. Rc7 Ke8 32. Ra7 Rb6 33. Rxa5 Bb4 34. Ra8+ Ke7 35. Nf3 Rc6 36. h4 Rc1+ 37. Kh2 Bd6+ 38. Kh3 Rb1 39. Ra7+ Kf8 40. h5 Bc2 41. Ra6 Ke7 42. Ra7+ Ke8 43. Ra8+ Kd7 44. Rh8 Rxb3 45. Rxh6 Rxe3 {0-1 Tomasi,E (1858)-Kanyamarala,T (1811) Wch FIDE Online U16 Girls Europe qual Tornelo INT rapid 2020 (4)}) 16... Bg6 17. h4 f6 18. Bd2 b6 19. cxb6 Nxb6 20. Rfc1 Nc4 21. h5 Bh7 22. Na4 Rfc8 23. Rxc4 dxc4 24. Nb6 Be4 25. Nxc8 Rxc8 26. e3 a5 27. Bc3 Bb4 28. Nd2 Bd3 29. d5 Ne5 30. dxe6 Bxc3 31. bxc3 Rc5 32. Ne4 Bxe4 33. Bxe4 Nxg4 34. Rd1 f5 35. Rd8+ Kg7 36. e7 Nf6 37. Bd5 a4 38. Rg8+ Kh7 39. Rf8 Ne8 40. Rxe8 Rxd5 41. Rh8+ Kxh8 42. e8=Q+ Kg7 43. Qe7+ 1-0

[Event "2024 New Year TNM: 2000+"]
[Site "San Francisco"]
[Date "2024.01.16"]
[Round "2.4"]
[White "Sant, Amit"]
[Black "Santos, Catalino Jr"]
[Result "1-0"]
[WhiteElo "1882"]
[BlackElo "1973"]
[Annotator "Winslow,Elliott"]
[PlyCount "109"]

1. d4 Nf6 2. c4 e6 3. g3 d5 4. Nf3 Bb4+ 5. Bd2 a5 6. Bg2 O-O 7. O-O Be7 (7... dxc4) 8. Bc3 b6 9. cxd5 exd5 10. Qc2 Ba6 11. Re1 Nbd7 12. Bd2 Rc8 13. Nc3 c5 14. Qf5 g6 15. Qh3 Re8 16. Bf4 Bf8 17. Rad1 c4 18. Ne5 Nb8 {[#]} 19. e4 dxe4 20. Nxe4 Nxe4 21. Bxe4 Bg7 {[#]} 22. Nxf7 Kxf7 23. Qxh7 Rxe4 24. Rxe4 Qh8 25. Qxh8 Bxh8 26. Rde1 Bf6 27. Be5 Bxe5 28. Rxe5 Nc6 29. Rd5 Rc7 30. Rd6 Bc8 31. a3 b5 32. d5 Nd4 33. Re4 Nb3 34. Rf4+ Kg7 35. Rff6 Bf5 36. g4 Bd3 37. Rb6 b4 38. axb4 axb4 39. Rfc6 Rd7 40. f3 Nd4 41. Rxb4 Nxc6 42. dxc6 Rd6 43. Rb7+ Kh6 44. h4 g5 45. c7 Rc6 46. Rb6 Rxb6 47. c8=Q gxh4 48. Qh8+ Kg6 49. Qxh4 Rf6 50. Qh5+ Kg7 51. f4 Re6 52. f5 Re1+ 53. Kf2 Re2+ 54. Kf3 Rxb2 55. Qg6+ 1-0

[Event "2024 New Year TNM: 2000+"]
[Site "San Francisco"]
[Date "2024.01.16"]
[Round "2.6"]
[White "Wu, Zhuoyuan"]
[Black "Lewis, Edward"]
[Result "1-0"]
[WhiteElo "1861"]
[BlackElo "1977"]
[Annotator "Winslow,Elliott"]
[PlyCount "64"]

1. e4 c5 2. Nf3 d6 3. d4 cxd4 4. Nxd4 Nf6 5. Nc3 g6 6. Be3 Bg7 7. f3 Nbd7 {[#]} 8. Qd2 h5 9. O-O-O a6 10. Be2 b5 11. h3 Bb7 12. g4 Nb6 13. g5 Nfd7 {[#]} 14. Rhf1 Qc7 15. f4 Rc8 16. f5 Ne5 17. f6 Bf8 18. fxe7 Bxe7 19. Bf4 Nbc4 20. Bxc4 Qxc4 21. Bxe5 dxe5 {[#]} 22. Nf5 gxf5 23. Qd7+ Kf8 24. Qxf5 Bxe4 {[#]} 25. Qxe4 Bxg5+ 26. Kb1 Qxe4 27. Nxe4 Bf4 28. Rd7 Rh6 29. Nd6 Rf6 30. Nxc8 e4 31. Rd4 Rg6 32. Rxe4 Bg3 1-0

[Event "2024 New Year TNM: 1600-1999"]
[Site "San Francisco"]
[Date "2024.01.16"]
[Round "2.8"]
[White "Wong, Wilson"]
[Black "Hack, Richard"]
[Result "1-0"]
[WhiteElo "1883"]
[BlackElo "1572"]
[Annotator "Wong,Wilson"]
[PlyCount "53"]

1. e4 c5 2. Nf3 d6 3. d4 cxd4 4. Nxd4 Nf6 5. Nc3 a6 6. Be3 e6 7. f3 b5 8. a3 Be7 (8... h5 {Black's most effective response, stopping g4.}) (8... Bb7 {The most popular move. Black isn't under threat so it might be better to try break in center with ...d5, also opening a3-f8 diagonal, which can support ...b4.}) ({Relevant:} 8... Bb7 9. g4 h6 10. Qd2 Nbd7 11. O-O-O Rc8 12. Kb1 d5 13. exd5 Nxd5 14. Nxd5 Bxd5 15. Rg1 Bc5 16. f4 Nf6 17. Bd3 Qc7 18. Qe1 Ne4 19. h4 Qb7 20. c3 Bxa3 21. f5 b4 22. c4 Nc3+ 23. Ka1 Bxc4 24. fxe6 O-O 25. Bxc4 Rxc4 26. Rd2 Bxb2+ 27. Kxb2 b3 28. exf7+ Qxf7 29. Nxb3 Rb4 {0-1 Ding,L (2791)-Carlsen,M (2863) Carlsen Tour Final chess24.com INT rapid 2020 (1.33)}) 9. Qd2 {(Stockfish Depth 36 +0.5 vs. 9.g4 +0.3) is the main move played in master games.} Bb7 10. O-O-O {Its not clear} (10. g4 {Stockfish preferred and marginally more commonly played. I think I should have gone with this to stop ...h5. If ...h5 then gxh5 opens a file, and kingside would've been where Black would've liked to castle. I didn't go for this because I thought after 10...d5 11.e5 Nfd7 12.f4 left my h1-rook hanging, but Black's d5-pawn blocks the diagonal.}) 10... O-O 11. g4 Nc6 12. h4 {I ended up going for this since the game plan is very straight forward and I thought my chances were better than they were. The plan is h5, g5, g6.} (12. g5 {The most popular move and marginally the best move. I planned for h4, h5, g5, g6, to open Black's king, If ...Nh5, then I'd play Nde2 with Ng3 next, and maybe Black would've gone for ...g6, which I think would've been good for me but I wasn't sure I'd have enough to win.}) 12... Rc8 (12... Nxd4 {This is an option that is going to show up over and over again this game for both players. My intuition tells me to trade the knights, since my queen is ideally placed, and Black's bishop recapture would block the c-file, so I should've traded knights when able.}) 13. Kb1 {[#]} (13. Nxc6 {Stockfish prefers this and I think I should've made this move too. Its better for Black to have the queen in front to attack my king, so either trade is favorable for me. My queen is already ideally placed, so I don't want ...Nxd4 making me lose a turn.}) 13... Qc7 $146 {Both players miss knight trade.} ({Predecessor:} 13... Nxd4 14. Bxd4 Nd7 15. g5 Ne5 16. Qg2 Nc6 17. Be3 b4 18. axb4 Nxb4 19. h5 Qa5 20. g6 Bf6 21. Bd4 e5 22. Be3 Rxc3 23. bxc3 Na2 24. Bc4 Nxc3+ 25. Kb2 d5 26. Bb3 Rb8 27. Ra1 Qb4 28. Bd2 Rc8 29. gxf7+ Kxf7 30. Qg4 Rc7 31. exd5 Qxg4 32. d6+ Nd5 33. fxg4 Rd7 34. g5 Bd8 35. c4 Nf4 36. c5+ Kf8 37. Bxf4 exf4 38. Rhg1 Bc6 39. Rxa6 Bb5 40. Ra2 h6 41. gxh6 Bf6+ 42. Kc1 {1-0 Haerig,W (2152)-Schmidt,D (2058) Oberliga Nord W 1920 Germany 2019 (1.5)}) 14. h5 {I should've traded knights.} Ne5 {Black is just wasting time. Rerouting knight to c4-square is a typical Najdorf/Scheveningen theme, but its clear as day how behind Black is on the attack. Black should've traded knights which worsens my queen, then think about how to improve the dark-squared bishop and f8-rook. Black could try to setup ...b4 to open another file to my king.} (14... Nxd4 {The only move to keep an even game.}) 15. g5 Nfd7 (15... Nxf3 {This wasn't on my radar.} 16. Nxf3 Nxe4 17. Nxe4 Bxe4 18. Rh3 Bxc2+ 19. Ka1 Bxd1 20. Qxd1 {Black is slightly better and up 2 points.}) 16. g6 {Stockfish just recommends ignoring my threat. If Black ignored my threat, I would've gone for h6 next, with the goal of ripping Black's king's defense.} fxg6 {This seems very wrong, letting center be destroyed, and I'll still be able to open lines to Black's king.} (16... hxg6 {I expected this recapture to keep d6-pawn protected.} 17. hxg6 (17. f4 {This was what I planned, not allowing ...Nxg6. My move was good, but not best. I didn't find the best move due to not calculating deeper.}) 17... Nxg6 18. Qh2 Nf6 {I stopped calculating here and assumed this was not good, missing the followup.} 19. f4 {[%cal Gf4f5] So simple, just undermine g6-knight that is stopping mate.}) (16... Nc5 {Stockfish's recommendation. Keeping e5-knight ready to capture ...Nxg6 if White plays h6.} 17. h6 Nxg6 (17... fxg6 {Stockfish's choice.} 18. hxg7 {[%eval 201,0] I'm not sure what to make of this position but Stockfish likes White a lot.}) 18. hxg7 {The idea.}) 17. Nxe6 {Black's center is destroyed and White still has an attack.} Nxf3 {This has the benefit of deflecting White's queen.} 18. Qg2 Qa5 {...Rxc3 is on the table. Who was it that said a knight on the 6th is as strong as a rook? Well, my knight doesn't have a secure outpost, so that strength is temporary.} 19. Nxf8 (19. hxg6 {The clear best move. g6-pawn supports trapping Black's king, so Black needs to defend against mate threats.} Bf6 (19... Nfe5 {[%eval 32748,0] Black doesn't have time to save the piece. Black's king is in grave danger and doesn't have space to flee either.} 20. Rxh7 Qd8 (20... Nxg6 21. Qxg6 Bf6 22. Rxg7+ Bxg7 23. Qxg7#) (20... Nf6 21. Rxg7+ Kh8 22. Qh1+ Nh5 23. Qxh5#) 21. Rxg7+ Kh8 22. Rxe7 Qxe7 23. g7+ Kh7 24. Bc4 Ng6 25. Rh1+ Qh4 26. Rxh4+ Kg8 27. Qxg6 Rf1+ 28. Bxf1 Ne5 29. Rh8#) (19... Nh4 {[%eval 32742,0]} 20. gxh7+ Kf7 21. Qxg7+ Ke8 22. Nxf8 Nxf8 23. h8=Q b4 24. Bh3 Qf5 25. Bxf5 Nxf5 26. exf5 b3 27. Rh7 bxc2+ 28. Kxc2 Be4+ 29. Kd2 Rc7 30. Qf7+ Kd7 31. Qxe7+ Kc6 32. Qxc7#) (19... Bh4 {[%eval 32748,0]} 20. gxh7+ Kf7 21. Qxg7+ Ke8 22. Nxf8 Nd2+ 23. Bxd2 Ne5 24. h8=Q Be7 25. Rh7 Qc7 26. Bh3 Ng4 27. Bxg4 b4 28. Ng6+ Bf8 29. Qgxf8#) 20. Qxf3 hxg6 21. Qh3 b4 22. Rxd6 Qh5 23. Rxd7 Qxh3 24. Bxh3 Rf7 25. Nc5 Rxd7 26. Bxd7 bxc3 {Depth 40 +8.5.}) 19... Rxf8 20. hxg6 h6 (20... hxg6 {Black can try to evacuate but holding will still be incredibly difficult, and still probably unsuccessful, but this might be the best try.} 21. Qxg6 Nfe5 22. Qe6+ {White is up an exchange, but Black at least has a chance to play for something.}) 21. Bxh6 gxh6 22. Qh3 Ng5 {Only defense, but at this point, Black is just down too much material, and is only delaying the inevitable.} 23. Qxd7 Bxe4 24. Nxe4 Nxe4 25. Qxe7 (25. Qe6+ {[%eval 32756,0] This is slightly more accurate and more forcing than what happened in the game.} Kg7 26. Qxe7+ Kxg6 27. Rg1+ Ng5 (27... Kf5 28. Rd5+ Kf4 29. Qh4+ Ke3 30. Rd3#) (27... Kh5 28. Be2+ Rf3 29. Bxf3#) 28. Rxd6+ Kh5 29. Rxh6+ Kxh6 30. Qxg5+ Kh7 31. Qg7#) 25... Ng5 26. Rxh6 b4 27. Rh8+ 1-0